|
|
|
|
| LEADER |
00927nam a22002537a 4500 |
| 001 |
43535 |
| 003 |
BD-DhAAL |
| 005 |
20250814214424.0 |
| 008 |
241105t1996 bg a|||| |||| 00| 0 eng d |
| 020 |
|
|
|a 9788173591013
|
| 020 |
|
|
|a 8173591016
|
| 040 |
|
|
|a BD-DhAAL
|c BD-DhAAL
|
| 082 |
|
|
|a 651.32
|
| 100 |
|
|
|a Williams, Elizabeth.
|9 57126
|
| 245 |
|
|
|a Working with management :
|b a secretary's guide /
|c Elizabeth Williams.
|
| 260 |
|
|
|a New Delhi :
|b Sterling Publishers,
|c 1993.
|
| 300 |
|
|
|a 87 pages :
|b illustrations ;
|c 20 cm.
|
| 541 |
|
|
|a Savar Campus Library
|e 43535
|
| 650 |
|
|
|a Office management.
|9 57125
|
| 650 |
|
|
|a Executives.
|
| 650 |
|
|
|a Management.
|
| 942 |
|
|
|2 ddc
|c BK
|
| 999 |
|
|
|c 47093
|d 47093
|
| 952 |
|
|
|0 0
|1 0
|2 ddc
|4 0
|6 651_320000000000000_WIL
|7 0
|9 76871
|a SCL
|b SCL
|c GEN
|d 2024-11-05
|e Savar Campus Library
|g 185.00
|l 0
|o 651.32 WIL
|p 3020043535
|r 2024-11-05
|t 1
|w 2024-11-05
|y BK
|x Price available in register. Savar Campus Library.
|